1197 1416 1263 1187 1324 1705 1791 1802 1557 1023 1032 1955 1934 1647 1953 1716 1937 1013 1328 1943 1116 1290 1790 1995 1717 1082 1574 1420 1304 1741 1481 1407 1588 1616 1622 1568 1205 1645 1952 1341 1657 1418 1460 1739 1906 1021 1936 1803 1849 1440 1978 1208 1867 1177 1492 1486 1943 1379 1743 1166 1597 1033 1615 1056 1256 1935 1504 1416 1996 1189 1113 1636 1580 1457 1132 1970 1810 1261 1840 1889 1813 1329 1967 1688 1339 1449 1552 1508 1100 1454 1588 1961 1426 1824 1539 1360 1536 1669 1435 BCNSPRNW ULIB Ver.6.0+V

เปลี่ยนเป็นภาษาไทย

Change to English
 แสดงรายละเอียดบรรณานุกรม
  กลับหน้าหลัก

Brief Record : Get Marc (ISO 2709) : E-mail record : QR code < ปิดหน้าต่าง
LEADER : 00000nam 2200000uu 4500
001    13399111212
003     ULIB
008    110620s||||||||th 000 0 tha d
020    9789741089093
050  4 BF637^bว763B 2551
100 0  วิศิษฐ์ ศรีพิบูลย์
245 10 ภาษากายพิชิตหัวใจ =^bBody language /^cวิศิษฐ์ ศรีพิบูลย์
246 31 Body language
250    พิมพ์ครั้งที่ 1
260    กรุงเทพฯ :^bบานานา สวีท,^c2551
300    131 หน้า :^bภาพประกอบ ;^c21 ซม.
650  7 ภาษาท่าทาง
650  7 การสื่อสาร
945    ^p120^l0^i026054
945    ^p120^l0^i026053
945    ^p120^l0^i026052
945    ^p120^l0^i024964
945    ^p120^l0^i024963
995    ทศพร
999 ^a ใช้งานได้ทุกระบบ
รายการนี้ยังไม่มีแท็ก
คุณยังไม่ได้ล็อกอิน คุณสามารถมีกิจกรรมร่วมกับเว็บไซต์ได้ แต่ต้องล็อกอินก่อน ::
  ล็อกอิน

รายการสื่อสารสนเทศ

ลำดับที่ ประเภท เลขเรียก/บาร์โค้ด สถานที่ สถานะ
- ไม่พบข้อมูล -

รายการใกล้เคียง
    ผู้แต่ง [วิศิษฐ์ ศรีพิบูลย์]

    หัวเรื่อง [ภาษาท่าทาง]
    หัวเรื่อง [การสื่อสาร]

BibComment


ยังไม่เคยถูกคอมเมนท์

คอมเมนท์ทรัพยากรรายการนี้
  คอมเมนท์: ภาษากายพิชิตหัวใจ..


 Copyright 2026. Bcnsprnw @Library